Southville International School and Colleges
Your cart is empty.
  • Cart
  • Lists
    Public lists Eva Luna New books Lux_list list_1
    Your lists Log in to create your own lists
  • Log in to your account
  • Your cookies
  • Search history
Southville International School and Colleges
  • Advanced search
  • Recent comments
  • Most popular
  • Libraries

Log in to your account

Log in with GOOGLE


If you do not have an external account, but do have a local account, you can still log in:

  1. Home
  2. MARC view: International business :
Normal view MARC view ISBD view

International business : (Record no. 288410)

[ view plain ]
MARC details
000 -LEADER
fixed length control field 00763nam a2200229 a 4500
003 - CONTROL NUMBER IDENTIFIER
control field PILC
005 - DATE AND TIME OF LATEST TRANSACTION
control field 20150819141156.0
008 - FIXED-LENGTH DATA ELEMENTS--GENERAL INFORMATION
fixed length control field 100721s19uu xx 00 eng d
020 ## - INTERNATIONAL STANDARD BOOK NUMBER
International Standard Book Number 9814053554
050 ## - LIBRARY OF CONGRESS CALL NUMBER
Classification number HD 2755.5
Item number .D186 2000
082 ## - DEWEY DECIMAL CLASSIFICATION NUMBER
Classification number MnSF 658.1821
Item number D22 2000
100 ## - MAIN ENTRY--PERSONAL NAME
Personal name Daniels, John D.
9 (RLIN) 16720
245 ## - TITLE STATEMENT
Title International business :
Remainder of title Environment and operations /
250 ## - EDITION STATEMENT
Edition statement 10th edition.
260 ## - PUBLICATION, DISTRIBUTION, ETC. (IMPRINT)
Place of publication, distribution, etc Singapore :
Name of publisher, distributor, etc Pearson Education Asia Pte Ltd,
Date of publication, distribution, etc 2004.
300 ## - PHYSICAL DESCRIPTION
Extent 909 pages :
Other physical details color illustrations ;
Dimensions 25 cm.
500 ## - GENERAL NOTE
General note Includes bibliographical references, glossary and index.
650 ## - SUBJECT ADDED ENTRY--TOPICAL TERM
Topical term or geographic name as entry element Business international
9 (RLIN) 16721
650 ## - SUBJECT ADDED ENTRY--TOPICAL TERM
Topical term or geographic name as entry element Business - Environments -
9 (RLIN) 16722
700 ## - ADDED ENTRY--PERSONAL NAME
Personal name Radebaugh, Lee H.
9 (RLIN) 16723
942 ## - ADDED ENTRY ELEMENTS (KOHA)
Source of classification or shelving scheme Library of Congress Classification
Koha item type Books
Holdings
Withdrawn status Lost status Source of classification or shelving scheme Damaged status Home library Current library Shelving location Date acquired Source of acquisition Sub Shelving location Total Checkouts Full call number Barcode Date last seen Price effective from Koha item type
    Library of Congress Classification   Southville International School Affiliated with Foreign Universities Library Southville International School Affiliated with Foreign Universities Library Southville Foreign University Section 08/19/2015 Donation     HD 2755.5 .D186 2000 SFU2560 05/15/2018 08/19/2015 Books

International business :

APA

Daniels J. D., Radebaugh L. H., . (2004). International business. Singapore: Pearson Education Asia Pte Ltd.

Chicago

Daniels John D, Radebaugh Lee H, . 2004. International business. Singapore: Pearson Education Asia Pte Ltd.

Harvard

Daniels J. D., Radebaugh L. H., . (2004). International business. Singapore: Pearson Education Asia Pte Ltd.

MLA

Daniels John D, Radebaugh Lee H, . International business. Singapore: Pearson Education Asia Pte Ltd. 2004.

  • Place hold
  • Print
  • Cite
  • Add to your cart (remove)
  • Save record
    BIBTEX Dublin Core MARCXML MARC (non-Unicode/MARC-8) MARC (Unicode/UTF-8) MARC (Unicode/UTF-8, Standard) MODS (XML) RIS
  • More searches
    Search for this title in:
    Other Libraries (WorldCat) Other Databases (Google Scholar) Online Stores (Bookfinder.com) Open Library (openlibrary.org)

Exporting to Dublin Core...

SOUTHVILLE LIBRARY

Southville International School and Colleges Library

1281 Tropical Ave. Cor. Luxembourg St., BF Homes International, Las Pinas City

Tel. No. 8256374 / 252358 Loc. 117/146

Powered by Koha